Triedne aktívy na 11-ročnej škole v Dol. Kubíne

Bibliographic Details
Main Author: Vlačaplovič, D. (Author)
Format: Article
Language:Slovak

MARC

LEADER 00000nab a2200000ua 4500
001 vtls010747122
003 SK-MaSNL
005 20260304202540.0
008 250718s1955 xo |||||||||||||||||slo|
035 |a (urnnbn)urn:nbn:sk:snk:ar-a00qwm 
035 |a (uuid)16150154-d351-4477-9013-5cacc5d277cc 
035 |a urn:nbn:sk:snk-ab4b3x 
040 |a SNKBUCL  |b slo  |c SNKBUCL  |e AACR2 
041 0 |a slo 
044 |a xo  |c SK 
100 1 |a Vlačaplovič, D.  |4 aut  |9 1126259 
245 1 0 |a Triedne aktívy na 11-ročnej škole v Dol. Kubíne  |c Vlad. Čaplovič 
773 0 |t Rodina a škola : mesačník pre rodičov a učiteľov  |g Roč. 2, č. 7 - 8 (1955), s. 255-[256] 
850 |a Slovenská národná knižnica 
852 |a Slovenská národná knižnica 
954 |a odborná, vedecká literatúra pôvodná (slovenská)  |2 lita 
958 |a article3 
958 |a OND 
958 |a EUIPO 
999 |c 3103813  |d 3105743